|
|
|
|
| LEADER |
00000nam0a2200000 4500 |
| 001 |
71414 |
| 005 |
20231101212559.0 |
| 035 |
|
|
|a (RuTPU)RU\TPU\book\76036
|
| 090 |
|
|
|a 71414
|
| 100 |
|
|
|a 20041216d1988 k y0rusy50 ca
|
| 101 |
0 |
|
|a rus
|
| 102 |
|
|
|a RU
|
| 105 |
|
|
|a y z 100zy
|
| 200 |
1 |
|
|a Проблемы сохранности фондов научных библиотек
|e сборник научных трудов
|f Библиотека Академии Наук СССР; Под ред. Ю. М. Тарасовой
|
| 210 |
|
|
|a Ленинград
|d 1988
|
| 215 |
|
|
|a 159 с.
|
| 606 |
1 |
|
|a Библиотечные фонды
|x Хранение
|2 stltpush
|3 (RuTPU)RU\TPU\subj\28629
|9 52145
|
| 610 |
1 |
|
|a сборники
|
| 610 |
1 |
|
|a научные библиотеки
|
| 610 |
1 |
|
|a фонды
|
| 610 |
1 |
|
|a сохранность
|
| 610 |
1 |
|
|a семинары
|
| 686 |
|
|
|a Ч736.16
|v LBC/SL-A
|2 rubbk
|
| 702 |
|
1 |
|a Тарасова
|b Ю. М.
|4 340
|
| 712 |
0 |
2 |
|a Академия наук СССР (АН СССР)
|b Библиотека (БАН)
|c (Ленинград)
|2 stltpush
|3 (RuTPU)RU\TPU\col\343
|
| 801 |
|
1 |
|a RU
|b 63413507
|c 20041216
|g PSBO
|
| 801 |
|
2 |
|a RU
|b 63413507
|c 20140619
|g PSBO
|
| 942 |
|
|
|c BK
|